000 00392nam a2200145Ia 4500
008 090123s9999 xx 000 0 und d
082 _b3749
245 _aडंबलीय बयलु
250 _a1
260 _bजनमित्र प्रेस
_c1974
300 _a129
630 _aडंबलीय बयलु
730 _aडंबलीय बयलु
942 _cBOOK
999 _c41828
_d41828